La trame conjugale (notice n° 1555976)
[ vue normale ]
| 000 -LEADER | |
|---|---|
| fixed length control field | 02194cam a2200277zu 4500 |
| 003 - CONTROL NUMBER IDENTIFIER | |
| control field | FRCYB88931886 |
| 005 - DATE AND TIME OF LATEST TRANSACTION | |
| control field | 20251020124002.0 |
| 008 - FIXED-LENGTH DATA ELEMENTS--GENERAL INFORMATION | |
| fixed length control field | 251020s2022 fr | o|||||0|0|||fre d |
| 020 ## - INTERNATIONAL STANDARD BOOK NUMBER | |
| International Standard Book Number | 9782200633202 |
| 035 ## - SYSTEM CONTROL NUMBER | |
| System control number | FRCYB88931886 |
| 040 ## - CATALOGING SOURCE | |
| Original cataloging agency | FR-PaCSA |
| Language of cataloging | fr |
| Transcribing agency | |
| Description conventions | rda |
| 100 1# - MAIN ENTRY--PERSONAL NAME | |
| Personal name | Kaufmann, Jean-Claude |
| 245 01 - TITLE STATEMENT | |
| Title | La trame conjugale |
| Remainder of title | Analyse du couple par son linge |
| Statement of responsibility, etc. | ['Kaufmann, Jean-Claude'] |
| 264 #1 - PRODUCTION, PUBLICATION, DISTRIBUTION, MANUFACTURE, AND COPYRIGHT NOTICE | |
| Name of producer, publisher, distributor, manufacturer | Armand Colin |
| Date of production, publication, distribution, manufacture, or copyright notice | 2022 |
| 300 ## - PHYSICAL DESCRIPTION | |
| Extent | p. |
| 336 ## - CONTENT TYPE | |
| Content type code | txt |
| Source | rdacontent |
| 337 ## - MEDIA TYPE | |
| Media type code | c |
| Source | rdamdedia |
| 338 ## - CARRIER TYPE | |
| Carrier type code | c |
| Source | rdacarrier |
| 520 ## - SUMMARY, ETC. | |
| Summary, etc. | La trame conjugale n’était pas mon premier livre, mais ce fut celui qui me fit connaître. Immédiatement, il fit parler, beaucoup. Mon analyse du couple par le linge faisait rire. Plus grave, une fraction minoritaire du mouvement féministe, tenante d’une analyse en termes de guerre des sexes, vit en moi un ennemi de la cause des femmes. D’abord parce que j’étais un homme, tout simplement. Ensuite et surtout, parce qu’en analysant les processus qui reproduisent durablement l’inégalité (c’est ce qui est au centre de ce livre), j’insiste sur la mémoire historique qui pousse les femmes à agir malgré elles. Certains lecteurs pressés pourraient y voir une preuve de la différence de nature entre hommes et femmes (différence irrémédiable, pouvant alimenter les critiques contre la « théorie du genre »). Or c’est de tout le contraire qu’il s’agit. La marche vers l’égalité dépend moins à mon avis d’une guerre des femmes contre les hommes que d’un combat intérieur des uns et des autres contre la part d’eux-mêmes qui résiste. Les hommes doivent se faire violence pour prendre en charge davantage ces tâches ménagères qui ne les motivent guère. Et les femmes doivent se faire violence également, pour accepter que la vaisselle ou le repassage ne soient pas faits comme elles rêveraient qu’ils le soient. Jean-Claude Kaufmann |
| 650 #0 - SUBJECT ADDED ENTRY--TOPICAL TERM | |
| Topical term or geographic name entry element | |
| 700 0# - ADDED ENTRY--PERSONAL NAME | |
| Personal name | Kaufmann, Jean-Claude |
| 856 40 - ELECTRONIC LOCATION AND ACCESS | |
| Access method | Cyberlibris |
| Uniform Resource Identifier | <a href="https://international.scholarvox.com/netsen/book/88931886">https://international.scholarvox.com/netsen/book/88931886</a> |
| Electronic format type | text/html |
| Host name | |
Pas d'exemplaire disponible.




Réseaux sociaux